Catálogo de la Biblioteca Horacio González - Universidad Nacional de General Sarmiento

Che: (Registro nro. 54175)

Detalles MARC
000 -CABECERA
campo de control de longitud fija 01602ngm a22003850a 4500
001 - NÚMERO DE CONTROL
campo de control PT58526
003 - IDENTIFICADOR DEL NÚMERO DE CONTROL
campo de control AR-LpoUNG
005 - FECHA Y HORA DE LA ÚLTIMA TRANSACCIÓN
campo de control 20210202000136.0
007 - CAMPO FIJO DE DESCRIPCIÓN FÍSICA--INFORMACIÓN GENERAL
campo de control de longitud fija vd cvaizq
008 - DATOS DE LONGITUD FIJA--INFORMACIÓN GENERAL
campo de control de longitud fija 191001s2007||||ag |||||||||||||||||spa d
040 ## - FUENTE DE LA CATALOGACIÓN
Centro catalogador/agencia de origen AR-LpoUNG
Lengua de catalogación spa
Centro/agencia transcriptor AR-LpoUNG
Normas de descripción aacr
041 ## - CÓDIGO DE LENGUA
Código de lengua del texto/banda sonora o título independiente spa
044 ## - CÓDIGO DEL PAÍS DE LA ENTIDAD EDITORA/PRODUCTORA
Código MARC del país ag
082 0# - NÚMERO DE LA CLASIFICACIÓN DECIMAL DEWEY
Número de clasificación 302.12 617che
100 1# - ENTRADA PRINCIPAL--NOMBRE DE PERSONA
Nombre de persona Birri, Fernando
Término indicativo de función/relación dir.
245 10 - MENCIÓN DE TÍTULO
Título Che:
Resto del título ¿muerte de la utopía?
260 ## - PUBLICACIÓN, DISTRIBUCIÓN, ETC.
Lugar de publicación, distribución, etc. Buenos Aires :
Nombre del editor, distribuidor, etc. Cine Ojo,
Fecha de publicación, distribución, etc. 2007.
300 ## - DESCRIPCIÓN FÍSICA
Extensión DVD (90 min.) : son., col.
505 0# - NOTA DE CONTENIDO CON FORMATO
Nota de contenido con formato Hecha en 1996. Alemania-Argentina. Guión: Fernando Birri, Gabriel García Márquez. Producción: Marcelo Céspedes. Fotografía: Libio Pansavalle. Música: Gianni Nocenzi. Sonido: Pierre Pfundt.
520 ## - SUMARIO, ETC.
Sumario, etc. Film-collage sobre las utopías de fin de siglo, mediante el recurso de utilizar la figura y símbolo del mítico líder Ernesto "Che" Guevara como motor de la pregunta por las utopías de hoy. Con motivo del 30 aniversario de la muerte del Che Guevara, Birri viajó, cámara en mano, por varios países tras las huellas de este legendario personaje. Esta fecha es propicia para reflexionar sobre el mito y el hombre. Pero, sobre todo, es un pretexto para preguntarse sobre la vigencia y el significado de la utopía.
650 #4 - PUNTO DE ACCESO ADICIONAL DE MATERIA--TÉRMINO DE MATERIA
Término de materia o nombre geográfico como elemento de entrada ALEMANIA
650 #4 - PUNTO DE ACCESO ADICIONAL DE MATERIA--TÉRMINO DE MATERIA
Término de materia o nombre geográfico como elemento de entrada ARGENTINA
650 #4 - PUNTO DE ACCESO ADICIONAL DE MATERIA--TÉRMINO DE MATERIA
Término de materia o nombre geográfico como elemento de entrada CULTURA
650 #4 - PUNTO DE ACCESO ADICIONAL DE MATERIA--TÉRMINO DE MATERIA
Término de materia o nombre geográfico como elemento de entrada HISTORIA
650 #4 - PUNTO DE ACCESO ADICIONAL DE MATERIA--TÉRMINO DE MATERIA
Término de materia o nombre geográfico como elemento de entrada PROBLEMAS SOCIALES
651 #4 - PUNTO DE ACCESO ADICIONAL DE MATERIA--NOMBRE GEOGRÁFICO
Nombre geográfico Argentina
653 ## - TÉRMINO DE INDIZACIÓN--NO CONTROLADO
Término no controlado CHE
653 ## - TÉRMINO DE INDIZACIÓN--NO CONTROLADO
Término no controlado CINE ARGENTINO
653 ## - TÉRMINO DE INDIZACIÓN--NO CONTROLADO
Término no controlado DOCUMENTALES
653 ## - TÉRMINO DE INDIZACIÓN--NO CONTROLADO
Término no controlado DVD
653 ## - TÉRMINO DE INDIZACIÓN--NO CONTROLADO
Término no controlado GUEVARA, ERNESTO
653 ## - TÉRMINO DE INDIZACIÓN--NO CONTROLADO
Término no controlado VIDEOS
905 ## - ELEMENTOS DE DATOS E LOCAL, LDE (RLIN)
a 58526
942 ## - ELEMENTOS DE PUNTO DE ACCESO ADICIONAL (KOHA)
Tipo de ítem Koha DVD
Existencias
Estado de retiro Estado de pérdida Estado dañado No para préstamo Código de colección Localización permanente Ubicación/localización actual Fecha de adquisición Total de préstamos Signatura topográfica completa Código de barras Fecha visto por última vez Precio válido a partir de Tipo de ítem Koha
        Colección Cine Biblioteca Universidad Nacional de General Sarmiento Biblioteca Universidad Nacional de General Sarmiento 02/02/2021   302.12 617che 00046627 02/02/2021 02/02/2021 DVD
        Colección Cine Biblioteca Universidad Nacional de General Sarmiento Biblioteca Universidad Nacional de General Sarmiento 02/02/2021   302.12 617che 00046628 02/02/2021 02/02/2021 DVD
        Colección Cine Biblioteca Universidad Nacional de General Sarmiento Biblioteca Universidad Nacional de General Sarmiento 02/02/2021   302.12 617che 00046629 02/02/2021 02/02/2021 DVD